Desmentir la falsa división entre historia y geografía.
Saved in:
| Main Author: | |
|---|---|
| Other Authors: | , , |
| Format: | Unknown |
| Language: | English |
| Published: |
Santiago, Chile:
ÉCFRASIS ediciones,
2021.
|
| Edition: | Edición bilingüe. |
| Subjects: | |
| Tags: |
Add Tag
No Tags, Be the first to tag this record!
|
MARC
| LEADER | 00000 a2200000 4500 | ||
|---|---|---|---|
| 003 | CL-VaPUC | ||
| 005 | 20240522153437.0 | ||
| 008 | 240514t2021 ||||| |||| 00| 0 eng d | ||
| 999 | |c 443548 |d 443546 | ||
| 020 | |a 978-956-09200-5-8 | ||
| 040 | |c Pontificia Universidad Católica de Valparaíso | ||
| 082 | |2 22 |a 709.83 WIL 2021 | ||
| 100 | |a Wildi Merino, Ingrid |9 888445 |e autora | ||
| 245 | |a Desmentir la falsa división entre historia y geografía. | ||
| 246 | |a To deny the false division between History and Geography. | ||
| 250 | |a Edición bilingüe. | ||
| 260 | |a Santiago, Chile: |b ÉCFRASIS ediciones, |c 2021. | ||
| 300 | |a 327 páginas : |b ilustraciones. | ||
| 583 | |k GC |c 20240514 | ||
| 600 | 0 | |9 888445 |a Wildi Merino, Ingrid |v Vida y producción artística |x Artista visual |z Chile | |
| 650 | 0 | |9 464579 |a Arte contemporáneo chileno |x Aspectos políticos |v Catálogo de exposiciones | |
| 700 | |9 583194 |a Godoy Vega, Francisco |e autor | ||
| 700 | |9 888957 |a Soazo Ahumada, Christian |e autor | ||
| 700 | |9 622229 |a Rey Orrego, Lucía |e autor | ||
| 942 | |n 0 |2 ddc |c BK | ||
| 952 | |0 0 |1 0 |2 ddc |4 0 |6 709_830000000000000_WIL_2021 |7 0 |8 R |9 594609 |a BIBART |b BIBART |d 2024-05-13 |e 45 |g 22000.00 |i 5661382 |o 709.83 WIL 2021 |p 5661382 |r 2025-03-13 |t 1 |v 22000.00 |w 2024-05-13 |y BK_R |k ART | ||